000 00660nam a2200241 i 4500
001 bgj
245 1 0 _aMaterialien zu Max Frisch "Stiller"
_nBd. 2 /
_chrsg. von Walter Schmitz.
260 _aFrankfurt am Main:
_bSuhrkamp,
_c1978.
300 _a680, [1] s. ;
_c18 cm.
490 1 _aSuhrkamp Taschenbuch
_v419
504 _aBibliogr. s. 653-664. Indeks.
650 9 _aLiteratura niemiecka
700 1 _aSCHMITZ, Walker.
830 _aSuhrkamp Taschenbuch
020 _a3518069195
040 _cBPK
041 0 _ager
044 _aDEU
080 _a821.112.2
920 _a3-518-06919-5
942 _cKS
008 s gw f |000 0 ger
999 _c50267
_d50267
856 _uhttp://koha.tu.koszalin.pl/cgi-bin/koha/opac-detail.pl?biblionumber=50267
_yKatalog online BPK